000 00654nam a2200181Ia 4500
008 151018s9999 xx 000 0 und d
082 _bRBASDV44622
_a340
100 _aअभया शेलकर
245 _aअत्यावश्यक वस्तू अधिनियम
250 _b1
260 _bनाशिक लॉ हाऊस
_c2006
300 _a84
600 _aअभया शेलकर
630 _aअत्यावश्यक वस्तू अधिनियम
700 _aअभया शेलकर
730 _aअत्यावश्यक वस्तू अधिनियम
942 _cBOOK
999 _c1043819
_d1043816